| 000 | 02040cam a22004694i 4500 | ||
|---|---|---|---|
| 003 | PE-LiUPU | ||
| 005 | 20250731172822.0 | ||
| 008 | 150617s1958 an rb 000 0 spa d | ||
| 035 | _a(Sirsi) a14038 | ||
| 040 |
_aPE-LiUPU _bspa _cPE-LiUPU _erda |
||
| 049 | _aPRUA | ||
| 082 | 0 | 4 |
_a294.09 _bD96 _221 |
| 100 | 1 |
_aEtienne, _eautor. |
|
| 245 | 1 | 4 |
_aLas religiones del antiguo Oriente / _cEtienne. |
| 264 | 1 |
_aAndorra : _bEditorial Casal I vall, _c1958. |
|
| 300 |
_a152 páginas : _bilustraciones ; _c19 centímetros |
||
| 336 |
_atext _2rdacontent |
||
| 337 |
_aunmediated _2rdamedia |
||
| 338 |
_avolume _2rdacarrier |
||
| 490 | 0 |
_aDécimocuarta parte: Religiones no cristianas y busca de Dios ; _v141 |
|
| 504 | _aIncluye bibliografía. | ||
| 505 | 0 | _aLa religión egipcia: Las creencias -- Las especulaciones religiosas -- Desarrollo histórico de la religión egipcia -- La práctica de la religión -- El culto de los muertos -- Las religiones del Asia Occidental antigua -- Hititas y hurritas -- Fenicia -- Mesopotamia -- La religión Sumeria -- Babilonia y Asiria: El cielo y los dioses -- Los dioses y el hombre -- El culto y las prácticas religiosas -- La religión Irania preámbulo: Breve diccionario de la religión irania -- Relaciones. | |
| 526 | _aSEG42 | ||
| 526 | _aSEG41 | ||
| 526 | _aSEG40 | ||
| 526 | _aSEG39 | ||
| 526 | _aP94 | ||
| 526 | _aP87 | ||
| 526 | _aP86 | ||
| 526 | _aP85 | ||
| 526 | _aP77 | ||
| 526 | _aP76 | ||
| 526 | _aP35 | ||
| 650 | 0 | 4 |
_aCercano Oriente _xReligión primitiva. |
| 910 |
_ajck _bjvq _cjck _d20150616 |
||
| 942 |
_2ddc _cBOOK |
||
| 949 |
_a294.09 D96 _wDEWEY _c1 _i14608 _lCCODEBUL1 _mBUL _p30.00 _r0 _sY _tBOOK _u19760527 _xTEOLOGIA _PP35 _0COMPRA _o.STAFF. Colección General |
||
| 994 |
_aC0 _bPEPRU |
||
| 596 | _a1 | ||
| 999 |
_a294.09 D96 _wDEWEY _c4472 _i14608 _d4472 _e2017-9-10 _f2021-11-12 _g5 _lCCODEBUL1 _mBUL _n8 _p30.00 _q2 _r0 _sY _tBOOK _u2015-6-17 _xTEOLOGIA _PP35 _0COMPRA _o.STAFF. Colección General |
||
| 980 |
_81 _gALBERTO SANCHEZ Responsable de Automatización |
||